000 00452nam a2200169Ia 4500
008 090711s9999 xx 000 0 und d
082 _b66106
100 _aमंगेशकर गीता
245 _aअलौकिक
260 _c1991
300 _a248
600 _aमंगेशकर गीता
630 _aअलौकिक
700 _aमंगेशकर गीता
730 _aअलौकिक
942 _cBOOK
999 _c300676
_d300676